| 000 | 00681nam a2200205Ia 4500 | ||
|---|---|---|---|
| 005 | 20220729145827.0 | ||
| 008 | 210716s2004 xx 000 0 und d | ||
| 020 | _a978140527356 | ||
| 040 | _cAIMIT LIBRARY | ||
| 041 | _aeng | ||
| 082 |
_a574.19245 _21 _bCAUH |
||
| 100 |
_aCauston, Helen C. _954015 |
||
| 245 |
_aMicroarray gene expression data analysis : _bbeginners guide / _cBy Helen C Causton, John Quackenbush and Alvis Brazma. |
||
| 250 | _a1st ed. | ||
| 260 |
_aAustralia : _bBlackwell Publishing , _c2004. |
||
| 300 |
_aviii, 160p. ; _c22 cm. |
||
| 650 |
_aExperimental design _954016 |
||
| 700 |
_aQuackenbush, John. _954017 |
||
| 942 |
_2ddc _cBK _e1st _k574.19245 CAUH |
||
| 999 |
_c189498 _d189498 |
||